000 00501nam a22001577a 4500
003 OSt
005 20240415162809.0
008 240415b |||||||| |||| 00| 0 eng d
040 _cMRSPTU
100 _aBarnala, Jatinderpal Singh (ਬਰਨਾਲਾ, ਜਤਿੰਦਰਪਾਲ ਸਿੰਘ)
245 _aParsidh Vigyanik Kohja (ਦਿਮਾਗੀ ਵਿਗਿਆਨਿਕ ਖੋਜਾਂ)
250 _a1st
260 _aPunjab
_bTarkbharti Parkashan
_c2003
300 _a120
942 _2ddc
_cBK
_n0
999 _c10036
_d10036